000 00967nam a2200205 i 4500
001 31992
003 ES-MaACL
005 20250831073233.0
007 t|
008 030207s1873 sp ||||1| spa d
110 2 _aIglesia Católica.
_bPapa (1769-1774: Clemente XIV)
_94664
245 1 0 _aBreve de nuestro muy santo padre Clemente XIV por el cual su santidad suprime, deroga y extingue el instituto y orden de los Clérigos Regulares, denominados de la Compañía de Jesús y la Real Cédula de Carslos III mandando poner en práctica en España el referido breve.
260 _aMadrid :
_bTipografía de Gregorio Estrada,
_c1873.
300 _a32 p. ;
_c24 cm.
500 _aEn portada: Año de 1773, en Madrid, en la imprenta de Pedro Marin. Fielmente reimpreso para conmemorar el centésimo aniversario.
610 2 7 _aJesuitas-
_xExpulsión.
_95352
700 1 _aClemente
_bXIV
_c, Papa.
_939210
852 _aES-MaACL
_jFol-Laf-289
999 _c31992
_d31992